000 00978nam a2200265Ia 4500
003 OSt
005 20221005105734.0
006 a|||||r|||| 00| 0
007 ta
008 221004b |||||||| |||| 00| 0 hin d
020 _a9789381479728 (pbk)
_c120
024 _a24363
037 _b306, 24/01/2016, Eastern Book Linkers
_cTextual
040 _aCRL
_cCRL
_bhin
041 _2hin
_ahin
082 _aP152:g, Q5
100 _aकुकरेती, हेमन्त
245 0 _aहिन्दी भाषा और साहित्य का इतिहास
246 _aHindī bhāṣhā aur sāhitya kā itihāsa
260 _aनई दिल्ली
_bसतीश बुक डिपो भारत
_c2015
300 _a212पृ0
_ccm.
650 _aहिन्दी भाषा
942 _hP152:g, Q5
_cTEXL
_2cc
999 _c1016757
_d1016757